MDQL
is popping MORE tags! Check the
thread
!
Quizzes
Events
Quiz Creation
Community
Videos
Private Events
Remove Ads
Sign In
Join for FREE
Feedback
Dark Mode
Quiz Categories
Sports
Geography
Music
Movies
Television
Just For Fun
Miscellaneous
History
Literature
Language
Science
Gaming
Entertainment
Religion
Holiday
For Kids
Quiz Lab
Recent
Popular Today
Quiz Kudos Today
Editor Picks
Curator Picks
Quizzes by...
Day
Popularity
Type
Ratings
Length
Year
Community
Subscriptions
Recent Discussions
Orange Saloon
Badges
Playlists
Quests
Create
Leaderboards
Showdown
Live 5
Trivia Bingo
Activity
Puzzle Library
Sporcle Events
Private Events
Virtual Trivia
Globe League
Become a Host
Pub Owners
SporcleCon
Opinionation
Our Games
Videos
Blog
Mobile Apps
Partnerships
Remove Ads and Go Orange
Feedback
Music
Pop Music
The Beatles
Song
Album
Lyrics
Bands
Singers
Artist
Clip
Rock
Rap
Classical
Billboard
Country Music
Kpop
Taylor Swift
Music
Pop Music
The Beatles
Song
Album
Lyrics
Bands
Singers
Artist
Clip
Rock
Rap
Classical
Billboard
Country Music
Kpop
Taylor Swift
Random Quiz
Search Sporcle
×
Quiz Lab
Quiz Lab
Music
Pop Music
Type in answers that appear in a list
Type in answers that appear in a list
Classic
Best Score? Go Orange.
'Happy Home' Lyrics by Lukas Graham (Part 1) Stats
Can you name the 'Happy Home' lyrics by Lukas Graham?
By
LazelSwiftie13
7m
299 Questions
117 Plays
117 Plays
117 Plays
Comments
Comments
Give Quiz Kudos
Give Quiz Kudos
-
- Ratings
hide this ad
More Info
Replay
Link that replays current quiz
Next Quiz
Link to next quiz in quiz playlist
You Got
0%
They Got
Avg Score
65%
Avg Friend Score
Upgrade to see
Score Distribution
Jump to the score distribution portion of the page
Score
0/299
Timer
07:00
0
Plays Today
Hint
Answer
% Correct
the
95.7%
the
95.7%
and
95.7%
the
95.7%
the
95.7%
the
95.7%
the
95.7%
the
95.7%
a
95.7%
a
95.7%
a
95.7%
a
95.7%
and
95.7%
a
95.7%
a
95.7%
a
95.7%
and
95.7%
a
95.7%
the
95.7%
and
95.7%
and
95.7%
the
95.7%
a
95.7%
a
95.7%
a
95.7%
a
95.7%
a
95.7%
and
95.7%
a
95.7%
a
95.7%
and
95.7%
a
95.7%
happy
94%
happy
94%
happy
94%
we
89.7%
we
89.7%
we
89.7%
home
89.7%
we
89.7%
home
89.7%
me
88%
my
88%
me
88%
on
88%
my
88%
my
88%
my
88%
my
88%
me
88%
my
88%
me
88%
my
88%
my
88%
on
88%
on
88%
on
88%
on
88%
So
85.5%
about
84.6%
about
84.6%
about
84.6%
about
84.6%
about
84.6%
about
84.6%
about
84.6%
about
84.6%
about
84.6%
he
83.8%
that
83.8%
that
83.8%
that
83.8%
got
82.9%
got
82.9%
got
82.9%
daddy
81.2%
daddy
81.2%
in
79.5%
when
78.6%
when
78.6%
when
78.6%
when
78.6%
when
78.6%
Now
77.8%
Now
77.8%
now
77.8%
Mama
76.9%
You
76.9%
you
76.9%
of
76.9%
of
76.9%
of
76.9%
to
76.9%
to
76.9%
you
76.9%
to
76.9%
of
76.9%
of
76.9%
paper
76.1%
only
76.1%
Hint
Answer
% Correct
have
76.1%
only
76.1%
have
76.1%
lot
76.1%
lot
76.1%
love
76.1%
lot
76.1%
love
76.1%
lot
76.1%
they
75.2%
I
75.2%
heart
75.2%
song
75.2%
I
75.2%
I
75.2%
I
75.2%
I
75.2%
I
75.2%
it
75.2%
I
75.2%
I
75.2%
it
75.2%
I
75.2%
I
75.2%
I
75.2%
I
75.2%
I
75.2%
I
75.2%
I
75.2%
I
75.2%
I
75.2%
man
75.2%
heart
75.2%
I
75.2%
I
75.2%
I
75.2%
thing
74.4%
that's
74.4%
what
74.4%
life
74.4%
what
74.4%
What
74.4%
life
74.4%
what
74.4%
broke
72.6%
with
72.6%
with
72.6%
with
72.6%
called
71.8%
wrote
70.9%
know
70.9%
know
70.9%
'em
70.9%
know
70.9%
'em
70.9%
'em
70.9%
know
70.9%
see
70.1%
out
69.2%
broken
69.2%
was
69.2%
was
69.2%
out
69.2%
was
69.2%
broken
69.2%
people
68.4%
going
68.4%
I'm
68.4%
I'm
68.4%
I'm
68.4%
I'm
68.4%
alone
67.5%
alone
67.5%
is
66.7%
be
66.7%
gone
65.8%
sing
65.8%
use
65.8%
many
64.1%
will
63.2%
turns
62.4%
should
62.4%
seen
62.4%
should
62.4%
who
62.4%
heart's
61.5%
felt
61.5%
felt
61.5%
writing
60.7%
writing
60.7%
put
58.1%
pain
58.1%
just
58.1%
say
58.1%
emptiness
56.4%
sat
56.4%
can
56.4%
for
56.4%
wanna
55.6%
how
55.6%
Hint
Answer
% Correct
'cause
55.6%
poem
54.7%
live
54.7%
loud
53.8%
feel
53%
kids
53%
never
53%
All
53%
never
53%
don't
53%
never
53%
Don't
53%
all
53%
really
52.1%
but
52.1%
but
52.1%
happiness
51.3%
crowd
51.3%
sentence
51.3%
ask
51.3%
at
51.3%
simple
50.4%
gonna
49.6%
whole
49.6%
him
49.6%
things
49.6%
him
49.6%
though
49.6%
heard
48.7%
pause
48.7%
while
48.7%
without
48.7%
I'll
48.7%
used
48.7%
used
48.7%
made
47.9%
knew
47.9%
noise
47%
Did
47%
taught
47%
loss
47%
read
47%
thought
46.2%
them
46.2%
grandaddy
45.3%
or
45.3%
knowing
42.7%
ever
42.7%
found
41.9%
folks
36.8%
pass
36.8%
folks
36.8%
are
35.9%
by
35.9%
before
35.9%
before
35.9%
by
35.9%
before
35.9%
Some
35%
times
34.2%
stuff
33.3%
would
32.5%
would
32.5%
start
31.6%
single
31.6%
single
31.6%
single
31.6%
single
31.6%
Magazines
30.8%
still
30.8%
miss
29.9%
believing
29.1%
hang
29.1%
even
28.2%
show
28.2%
remember
27.4%
reach
26.5%
greet
26.5%
depended
26.5%
depended
26.5%
meet
25.6%
streets
24.8%
cash
24.8%
up
23.9%
rarely
21.4%
It's
20.5%
blow
19.7%
grew
19.7%
road
19.7%
twenty
17.9%
deep
16.2%
our
16.2%
old
13.7%
difficult
12.8%
careers
12%
realize
11.1%
becoming
10.3%
alright
8.5%
privacy's
6.8%
Quiz Playlist
Details
Report
Send in Message
Add To Playlist
More Info:
Enter a space after "i".
Classic:
Type in answers that appear in a list
Last Updated: Feb 20, 2017
Quiz Scoreboard
CHALLENGE
Sign Up to Join the Scoreboard
Show All
Scores
Hide
Comments
May contain spoilers
Recently Published
Colored Red Africa Blitz
by spor1
Geography
30s
Find the 'City' Movie
by crazypaving
Movies
60s
5x2 Blitz: Bands
by SL_Kpop136
Music
30s
More to Explore
Quiz From the Vault
Featured Blog Post
14 Easter Pick-up Lines to Find Eggs With
hide this ad
You Might Also Like...
Tags
Lyrics Quiz
Pop Music Quiz
Today's Top Quizzes in Music
Browse Music
hide this ad
Today's Top Quizzes in Pop Music
Browse Pop Music
Top Contributed Quizzes in Music
1
5X2 Blitz: Bands II
2
5X2 Blitz: The Beatles
3
Taylor Swift All Songs (2024)
4
5X2 Blitz: Billboard
5
Taylor Swift Logic Puzzle II
6
5X2 Blitz: Billboard II
7
Taylor Swift Logic Puzzle
8
5X2 Blitz: Rock
9
5X2 Blitz: Singers
10
5X2 Blitz: Album
Explore More
Trending Topics
Crossword
Kpop
Anime
Marvel
Disney
Harry Potter
NBA
Pokémon
Puzzle
Song
WWE
The Office
Soccer
Country
NFL
hide this ad
More By:
LazelSwiftie13
Quiz
Plays
Rating
Category
Featured
Created
'Happy Home' Lyrics by Lukas Graham (Part 1)
117
4.00
Music
Feb 19, 2017
Name the lyrics to Zendaya's 'Neverland'
35
Music
Feb 27, 2018
Go to Creator's Profile
Score Distribution
Quiz Creator Spotlight
LazelSwiftie13
Follow
Send a Message
Quizzes Created
-
Created Quiz Play Count
-
More By This Creator
Popular Quizzes Today
1
Colored Red Africa Blitz
2
Find the 'City' Movie
3
5x2 Blitz: Bands
4
Find the US States - No Outlines Minefield
5
The Countries of the World
6
Find the US States
7
US States
8
Find the Countries of Europe - No Outlines Minefield
More Music Quizzes
Band Member Click: Pantera
Quiz Lab
Trending Quizzes
Colored Red Europe Blitz I
Colored Red Europe Blitz II
Colored Red Africa Blitz II
Colored Red Europe Blitz III
Colored Red Africa Blitz III
Recently Updated
How Do You Spell That?
pecheneg
Godzilla Movies
pecheneg
Grab Bag: 4-10 Letters
pecheneg
2024 March Madness Bracket
pecheneg
Famous TV Couples
Peacemaker
Champions League XIs: Real Madrid
pecheneg
Largest US Cities 1790-2010
pecheneg
Rides in Walt Disney World
pecheneg
Most Oscar Losses (Acting)
pecheneg
Beyoncé Albums
pecheneg
Trending Topics
NBA
Marvel
Kpop
Harry Potter
Disney
Crossword
Anime
Pokémon
Country
NFL
WWE
The Office
Puzzle
Song
Soccer
Your Account Isn't Verified!
In order to create a playlist on Sporcle, you need to verify the email address you used during registration. Go to your
Sporcle Settings
to finish the process.
Report this User
Report this user for behavior that violates our
Community Guidelines
.
Details:
Send Report
Go to the Sporcle.com Mobile Site →
Comments